[Event "POL-chT3 Slaskie"]
[Site "Poland"]
[Date "2008.03.02"]
[Round "5.7"]
[White "Orzechowski, Jacek"]
[Black "Lizak, Sebastian"]
[Result "1-0"]
[WhiteElo "2196"]
[BlackElo "2072"]
[PlyCount "61"]
[EventDate "2008.02.03"]
[EventType "team-swiss"]
[EventRounds "9"]
[EventCountry "POL"]
[SourceTitle "EXT 2019"]
[Source "ChessBase"]
[SourceDate "2018.10.10"]
[SourceVersion "1"]
[SourceVersionDate "2018.10.10"]
[SourceQuality "1"]

1. e4 c5 2. Nf3 d6 3. c3 Nf6 4. Be2 Nc6 5. d4 cxd4 6. cxd4 Qa5+ 7. Bd2 Qb6 8. Nc3 Bg4 9. d5 Bxf3 10. Bxf3 Ne5 11. Qa4+ Nfd7 12. Be2 e6 13. f4 Ng6 14. dxe6 fxe6 15. f5 exf5 16. Nd5 Qd8 17. exf5 Nge5 18. 0-0 Be7 19. f6 Bxf6 20. Rxf6 gxf6 21. Bh5+ Ng6 22. Nxf6+ Qxf6 23. Bc3 Qf8 24. Rf1 Qxf1+ 25. Kxf1 Rf8+ 26. Kg1 0-0-0 27. Qxa7 Nge5 28. Ba5 b6 29. Be2 Nc5 30. Bxb6 Nb7 31. Qa8+ 1-0